logo

Bir Sreshtho Munshi Abdur Rouf Library
Jhenaidah Cadet College

Man-eaters of Kumaon, (Record no. 8190)

MARC details
000 -LEADER
fixed length control field 00978cam a22002891 4500
001 - CONTROL NUMBER
JCCL Control Number 8190
003 - CONTROL NUMBER IDENTIFIER
JCCL marc code BD-JhCC
005 - DATE AND TIME OF LATEST TRANSACTION
control field 20180219111956.0
008 - FIXED-LENGTH DATA ELEMENTS--GENERAL INFORMATION
fixed length control field 771017r19461944nyuacf 000 0 eng
035 ## - SYSTEM CONTROL NUMBER
system control number (BD-JhCC)8190
035 ## - SYSTEM CONTROL NUMBER
system control number (OCoLC)3348423
040 ## - CATALOGING SOURCE
Original cataloging agency DLC
Transcribing agency TxShA
Modifying agency OCoLC
-- DLC
-- BD-JhCC
041 ## - LANGUAGE CODE
Language code of Book eng
050 00 - LIBRARY OF CONGRESS CALL NUMBER
Classification number SK305.T5
Item number C6 1946
082 00 - DEWEY DECIMAL CLASSIFICATION NUMBER
Classification number 799.2774428
Author mark and Year COR 1946
100 1# - MAIN ENTRY--PERSONAL NAME
Personal name Corbett, Jim,
Dates associated with a name 1875-1955.
245 10 - TITLE STATEMENT
Title Man-eaters of Kumaon,
Statement of responsibility, etc with an introduction by Sir Maurice Hallett ... and a preface by Lord Linlithgow ...
260 ## - PUBLICATION, DISTRIBUTION, ETC. (IMPRINT)
Place of publication, distribution, etc New York
-- Bombay,
Name of publisher, distributor, etc Oxford University Press,
Date of publication, distribution, etc 1946.
300 ## - PHYSICAL DESCRIPTION
Pagination vii-xix, 3-235 p.
Other physical details illus., plates, port.
Dimensions 22 cm.
500 ## - GENERAL NOTE
General note At head of title: Jim Corbett.
500 ## - GENERAL NOTE
General note Map on lining-papers.
500 ## - GENERAL NOTE
General note "First American edition. First published in India in 1944. Second printing before publication."
650 #0 - SUBJECT ADDED ENTRY--TOPICAL TERM
Topical term or geographic name as entry element Tiger.
650 #0 - SUBJECT ADDED ENTRY--TOPICAL TERM
Topical term or geographic name as entry element Hunting
Geographic subdivision India
-- Kumaun.
942 ## - ADDED ENTRY ELEMENTS (KOHA)
Source of classification or shelving scheme Dewey Decimal Classification
Koha item type Books
Holdings
Source of classification or shelving scheme Damaged status Not for loan Home library Current library Shelving location Total Checkouts Full call number Barcode Date last seen Copy number Koha item type
Dewey Decimal Classification     JCC Rouf Library JCC Rouf Library General Stacks   799.2774428 COR 1946 9276 02/19/2018 C - 1 Books

JCC Library | Contacts | JCC Home

Last Update on 23 September 2017
Copyright @ 2017-2020 JCC Rouf Library
Rouf Library, Jhenidah Cadet College (JCC), Bangladesh